Основы электронной коммерции и бизнеса: учебное пособие для вузов

Dades bibliogràfiques
Autor principal: Гаврилов Л. П. Леонид Петрович
Sumari:Учебное пособие «Основы электронной коммерции и бизнеса» предназначено для студентов высших учебных заведений экономического профиля, изучающих дисциплину «Основы электронной коммерции». Оно может использоваться и при изучении других смежных дисциплин, таких как «Информатика», «Прикладная информатика», «Информационные системы управления предприятием». В пособии особое внимание уделено применению информационных технологий в коммерческой деятельности предприятий малого, среднего и крупного бизнеса. В нем отражены последние достижения в области информационных технологий применительно к коммерческой деятельности: сервис-ориентированной архитектуры информационного обеспечения предприятий, Веб-сервисы, применение интеллектуальных методов обработки данных и прогнозирование деятельности предприятий на их основе, технологии Web 2.0 и др. Рассмотрено применение интегрированных корпоративных информационных систем, таких как, «Галактика» «SAP NclWeaver» «Microsoft Dynamics АХ» и др. для управления торговыми предприятиями. Книга может быть полезна не только студентам, но и специалистам в области электронной коммерции и бизнеса.
Idioma:rus
Publicat: Москва, СОЛОН-Пресс, 2009
Col·lecció:Библиотека студента
Matèries:
Format: MixedMaterials Llibre
KOHA link:https://koha.lib.tpu.ru/cgi-bin/koha/opac-detail.pl?biblionumber=186990

MARC

LEADER 00000nam0a2200000 4500
001 186990
005 20231101224030.0
010 |a 9785913590657 
035 |a (RuTPU)RU\TPU\book\202896 
090 |a 186990 
100 |a 20101109d2009 m y0rusy50 ca 
101 0 |a rus 
102 |a RU 
105 |a a j 001zy 
200 1 |a Основы электронной коммерции и бизнеса  |e учебное пособие для вузов  |f Л. П. Гаврилов 
210 |a Москва  |c СОЛОН-Пресс  |d 2009 
215 |a 592 с.  |c ил. 
225 1 |a Библиотека студента 
320 |a Библиогр.: с. 571-579. 
330 |a Учебное пособие «Основы электронной коммерции и бизнеса» предназначено для студентов высших учебных заведений экономического профиля, изучающих дисциплину «Основы электронной коммерции». Оно может использоваться и при изучении других смежных дисциплин, таких как «Информатика», «Прикладная информатика», «Информационные системы управления предприятием». В пособии особое внимание уделено применению информационных технологий в коммерческой деятельности предприятий малого, среднего и крупного бизнеса. В нем отражены последние достижения в области информационных технологий применительно к коммерческой деятельности: сервис-ориентированной архитектуры информационного обеспечения предприятий, Веб-сервисы, применение интеллектуальных методов обработки данных и прогнозирование деятельности предприятий на их основе, технологии Web 2.0 и др. Рассмотрено применение интегрированных корпоративных информационных систем, таких как, «Галактика» «SAP NclWeaver» «Microsoft Dynamics АХ» и др. для управления торговыми предприятиями. Книга может быть полезна не только студентам, но и специалистам в области электронной коммерции и бизнеса. 
606 1 |a Электронная коммерция  |2 stltpush  |3 (RuTPU)RU\TPU\subj\60201  |9 77655 
610 1 |a экономика 
610 1 |a информационные технологии 
610 1 |a электронный бизнес 
610 1 |a электронная торговля 
610 1 |a товары 
610 1 |a услуги 
610 1 |a сетевые посредники 
610 1 |a информационные сети 
610 1 |a электронный обмен 
610 1 |a международные стандарты 
610 1 |a штриховое кодирование 
610 1 |a электронные платежи 
610 1 |a правовые основы 
610 1 |a информационная безопасность 
610 1 |a корпоративная безопасность 
610 1 |a электронные документы 
610 1 |a торговые предприятия 
610 1 |a информационные системы 
610 1 |a Microsoft Dynamics AX 4.0 
610 1 |a SAP NETWEAVER 
610 1 |a маркетинг 
610 1 |a маркетинговые сети 
610 1 |a электронный маркетинг 
610 1 |a реклама 
610 1 |a Реклама в Интернете 
610 1 |a TQM 
610 1 |a QMS 
610 1 |a управление качеством 
610 1 |a учебные пособия 
686 |a У9(2)42я73  |v LBC/SL-A  |2 rubbk 
700 1 |a Гаврилов  |b Л. П.  |g Леонид Петрович 
801 1 |a RU  |b 63413507  |c 20101109 
801 2 |a RU  |b 63413507  |c 20150601  |g RCR 
942 |c BK